| 000 | 00747nam a22002657a 4500 | ||
|---|---|---|---|
| 003 | UA-OsUOA | ||
| 001 | 26148 | ||
| 007 | ta | ||
| 008 | 20040514b un ||||| |||| 00| 0 ukr d | ||
| 100 | _aАндерсон Б. | ||
| 090 |
_a323.1(477) _bА65 |
||
| 942 | _cBK | ||
| 040 |
_aUA-OsUOA _bukr _cUA-OsUOA _dUA-OsUOA |
||
| 245 |
_aУявлені спільноти _bміркування щодо походження й поширення націоналізму |
||
| 300 | _a271 с. | ||
| 955 | _a1 | ||
| 041 | _aukr | ||
| 080 | _a323.1(477) | ||
| 020 | _a966-7679-16-0 | ||
| 260 |
_aКиїв _bКритика _c2001 |
||
| 044 | _aUA | ||
| 250 | _n2-е вид., перероб. | ||
| 650 | 7 |
_a32 Політика _2UDC |
|
| 999 |
_c312461 _d312461 |
||